000 00164nam a22000857a 4500
082 _a823
100 _aGILL DAVIES
245 _aSNOW WHITE AND THE 7 DWARFS
942 _cBK
999 _c8233
_d8233